000 00552nam a2200181Ia 4500
008 090123s9999 xx 000 0 und d
082 _b30955
100 _aपिंगे रवींद्र
245 _aजिवलग सारे
250 _a0
260 _bज्ञानदा प्रकाशन
_c2000
300 _a147
600 _aपिंगे रवींद्र
630 _aजिवलग सारे
700 _aपिंगे रवींद्र
730 _aजिवलग सारे
942 _cBOOK
999 _c68290
_d68290